00855nam a22002417a 45000010005000000030006000050050017000110080041000280200018000690400029000870500009001160820011001251000015001362450082001512600033002333000048002664900023003145050007003375200199003445210027005435210019005706500024005897562FISKH20250724101536.0250724b cb ||||| |||| 00| 0 eng d a9780603566905 aFISKHbengcFISKHdFISKH aPZ7  a793.73 aAnonymous  aBumper treasury : bPacked full of stories, games, puzzles and activities ! / aLondon : bEgmont, c2012.  a209 pages : bcolor illustrations ; c30 cm aThomas & friends : aR  aThe Bumper treasury is full of engine fun! With stories to read, puzzles to solve and lots of activities, this book is perfect for thomas fans. A must for all Thomas fans. Hours of Thomas fun. 8 a660 bLexile estimate 8 aR bRaz-Plus  aThomas xAdventure